Rosario al sol. (Registro nro. 19103)
[ vista simple ]
| 000 -CABECERA | |
|---|---|
| campo de control de longitud fija | 00641cam a2200193u 4500 |
| 001 - NÚMERO DE CONTROL | |
| campo de control | 000019587 |
| 005 - FECHA Y HORA DE LA ÚLTIMA TRANSACCIÓN | |
| campo de control | 20200929170052.0 |
| 008 - DATOS DE LONGITUD FIJA--INFORMACIÓN GENERAL | |
| campo de control de longitud fija | 840418s1938 xx 000 0 spa |
| 010 ## - NÚMERO DE CONTROL DE LA BIBLIOTECA DEL CONGRESO | |
| Número de control de LC | 40021491 |
| 040 ## - FUENTE DE LA CATALOGACIÓN | |
| Centro catalogador/agencia de origen | DO-SdBNP |
| Centro/agencia transcriptor | CarP |
| Centro/agencia modificador | DLC |
| 050 00 - SIGNATURA TOPOGRÁFICA DE LA BIBLIOTECA DEL CONGRESO | |
| Número de clasificación | PQ2619.A5 |
| Número de documento/Ítem | R74 1938 |
| 100 1# - ENTRADA PRINCIPAL--NOMBRE DE PERSONA | |
| Nombre de persona | Jammes, Francis, |
| Fechas asociadas al nombre | 1868-1938. |
| 9 (RLIN) | 42008 |
| 240 00 - TÍTULO UNIFORME | |
| Título uniforme | Rosaire au soleil. Spanish. [from old catalog] |
| 245 10 - MENCIÓN DE TÍTULO | |
| Título | Rosario al sol. |
| 260 ## - PUBLICACIÓN, DISTRIBUCIÓN, ETC. | |
| Lugar de publicación, distribución, etc. | Buenos Aires-Mexico, : |
| Nombre del editor, distribuidor, etc. | Espasa-Calpe argentina, s.a., |
| Fecha de publicación, distribución, etc. | [1938]. |
| 300 ## - DESCRIPCIÓN FÍSICA | |
| Extensión | 4 p.l., 11-177 p., : |
| Otras características físicas | 1 l. ; |
| Dimensiones | 18 cm. |
| 700 1# - PUNTO DE ACCESO ADICIONAL--NOMBRE DE PERSONA | |
| Nombre de persona | Donato, Magda, [from old catalog] |
| Término indicativo de función/relación | tr. |
| 9 (RLIN) | 42009 |
| 910 ## - DATOS DE OPCIÓN DEL USUARIO (OCLC) | |
| Datos de opción del usuario | Catalogación derivada / LC |
| Estado de retiro | Estado de pérdida | Restricciones de uso | No para préstamo | Código de colección | Localización permanente | Ubicación/localización actual | Ubicación en estantería | Fecha de adquisición | Número de inventario | Total de préstamos | Signatura topográfica completa | Código de barras | Fecha visto por última vez | Precio válido a partir de | Tipo de ítem Koha |
|---|---|---|---|---|---|---|---|---|---|---|---|---|---|---|---|
| Excluido de préstamo | Monografías: Libros y Folletos | General | General | En catalogación | 30.06.2010 | LF1 | 19587-10 | 25.06.2020 | 25.06.2020 | No se presta |
